Central Library OPAC University of Rajshahi

تار پىراہن / Tār-i pairāhan / (Record no. 84791)

MARC details
000 -LEADER
fixed length control field 00801cam a22002411 4500
001 - CONTROL NUMBER
control field 84791
003 - CONTROL NUMBER IDENTIFIER
rucl marc code BD-RjUL
005 - DATE AND TIME OF LATEST TRANSACTION
control field 20250409121637.0
008 - FIXED-LENGTH DATA ELEMENTS--GENERAL INFORMATION
fixed length control field 240409s1958 pk c 000 0 urdo
035 ## - SYSTEM CONTROL NUMBER
System control number (BD-RjUL)84791
040 ## - CATALOGING SOURCE
Original cataloging agency DLC
Transcribing agency CU
Modifying agency CU
-- DLC
Language of cataloging eng
041 ## - LANGUAGE CODE
Language code of text/sound track or separate title urd
082 ## - DEWEY DECIMAL CLASSIFICATION NUMBER
Edition number 23
Classification number 891.4391
Author mark and year HAT 1958
100 1# - MAIN ENTRY--PERSONAL NAME
Personal name حقّى، شان الحق, - Ḥaqqī., Shānulḥaq
Dates associated with a name , 1917-2005
9 (RLIN) 15211
245 10 - TITLE STATEMENT
Title تار پىراہن / Tār-i pairāhan /
Statement of responsibility, etc. شانُ‌الحق حقّى.;; Shānulḥaq Ḥaqqī
260 ## - PUBLICATION, DISTRIBUTION, ETC. (IMPRINT)
Date of publication, distribution, etc. , 1958
Place of publication, distribution, etc. : سندھ،, Karācī, Sindh,
Name of publisher, distributor, etc. اردو اکىڈمى سندھ :،Urdū Akaiḍmī Sindh,
300 ## - PHYSICAL DESCRIPTION
Pagination 282p.
Illustrations port.
Size 22cm.
500 ## - GENERAL NOTE
General note In Urdu.
General note Text partially vocalized.
General note Poems.
650 ## - SUBJECT ADDED ENTRY--TOPICAL TERM
Topical term or geographic name as entry element Urdu Poetry
942 ## - ADDED ENTRY ELEMENTS (KOHA)
Source of classification or shelving scheme Dewey Decimal Classification
Koha item type Books
Holdings
Lost status Source of classification or shelving scheme Damaged status Not for loan Collection code Permanent Location Current Location Shelving location Date acquired Source of acquisition Cost, normal purchase price Total Checkouts Full call number Date last seen Copy number Koha item type
  Dewey Decimal Classification   Not For Loan Non-fiction Central Library, University of Rajshahi Central Library, University of Rajshahi Reading Room 03/12/1971 Feroz & sons 5.00   U 891.4391 HAT 1958 09/04/2025 C-1 Books